Monty Python's Missing Food and Drinks Picture Click Quiz Stats

 Plays Quiz not verified by Sporcle

Score 0/20 Timer 05:00
0 Plays Today
% Correct
-hard-boiled EGGS-
91.5%
-crying over split MILK-
90.6%
-stale BREAD-
90.2%
-SPAM a lot-
89.3%
-TOMATO ketchup-
89.1%
-shut your CAKE-hole-
82.5%
-buttered scones for TEA-
79.7%
-SALT of the earth-
79.7%
-sugar PLUM-
75.7%
-one POTATO, two POTATO-
75.3%
% Correct
-a COFFEE table-
74.9%
-Bell's WHISKY-
74.3%
-Cream of MUSHROOM soup-
72.4%
-with a green SALAD-
72.2%
-the SPROUTS-
70.3%
-a double
Jeroboam of CHAMPAGNE-
68.7%
-have some CHEESE-
68.5%
-your father
smelt of ELDERBERRIES-
68.2%
-LEMON Curry-
56.8%
-the SAUSAGE roll-
54.9%

You're not logged in!

Compare scores with friends on all Sporcle quizzes.
OR
Log In

You Might Also Like...

Show Comments

Extras

Top Quizzes Today


Score Distribution

Your Account Isn't Verified!

In order to create a playlist on Sporcle, you need to verify the email address you used during registration. Go to your Sporcle Settings to finish the process.

Report this User

Report this user for behavior that violates our Community Guidelines.

Details: